000 00725cam a22002534a 4500
001 12398401
003 OSt
005 20161110143055.0
008 010503s2002 maua b 001 0 eng
010 _a 2001033677
020 _a0205297773
040 _aDLC
_cDLC
_dDLC
042 _apcc
082 0 0 _aWA 322
_bD542h 2002
100 1 _aDiMatteo, M. Robin; Leslie R. Martin.
_99785
245 1 0 _aHealth Psychology
260 _aBoston :
_bAllyn and Bacon,
_c2002.
300 _axiv, 594 p. :
_bill. ;
_c25 cm.
504 _aIncludes bibliographical references and index.
650 0 _aHealth Psychology.
_99786
650 0 _aPsychiatry
_92077
906 _a7
_bcbc
_corignew
_d1
_eocip
_f20
_gy-gencatlg
942 _2z
_cO_SHELF
999 _c4567
_d4567